[Event "IV Torneo Internacional Ciudad de La Lag"]
[Site "Casino de La Laguna. C/ Nava y"]
[Date "2010.04.07"]
[Round "4.5"]
[White "Korneev, Oleg"]
[Black "Cori T, Deysi"]
[Result "1-0"]
[WhiteElo "2558"]
[BlackElo "2434"]
[PlyCount "87"]
[EventDate "2010.04.05"]

1. e4 e6 2. d4 d5 3. Nd2 Nf6 4. e5 Nfd7 5. c3 c5 6. Bd3 Nc6 7. Ne2 cxd4 8. cxd4
f6 9. exf6 Nxf6 10. O-O Bd6 11. Nf3 O-O 12. Bf4 Nh5 13. Bxd6 Qxd6 14. Qd2 Nf4
15. Nxf4 Qxf4 16. Rad1 a6 17. Rfe1 g6 18. Bb1 Bd7 19. Qxf4 Rxf4 20. Ne5 Nxe5
21. Rxe5 Raf8 22. f3 Rc8 23. Kf2 Rc4 24. Ke3 Rf8 25. Bd3 Rb4 26. Rd2 Rc8 27. b3
Rc1 28. Rc2 Re1+ 29. Kd2 Rxe5 30. dxe5 Kf7 31. Rc7 Ke8 32. Kc3 Rh4 33. h3 Bc6
34. a4 Kd8 35. Rg7 Bd7 36. Bf1 d4+ 37. Kd2 b5 38. g3 Rh5 39. f4 bxa4 40. bxa4
Bxa4 41. h4 Rf5 42. Rxh7 Bd7 43. Bxa6 Rf8 44. Kd3 1-0

[Event "IV Torneo Internacional Ciudad de La Lag"]
[Site "Casino de La Laguna. C/ Nava y"]
[Date "2010.04.07"]
[Round "4.6"]
[White "Strikovic, Aleksa"]
[Black "Tatai, Stefano"]
[Result "1-0"]
[WhiteElo "2544"]
[BlackElo "2356"]
[PlyCount "101"]
[EventDate "2010.04.05"]

1. c4 c5 2. Nf3 Nc6 3. Nc3 g6 4. e3 Nf6 5. d4 cxd4 6. exd4 d5 7. cxd5 Nxd5 8.
Qb3 Nxc3 9. Bc4 Nd5 10. Bxd5 e6 11. Bxc6+ bxc6 12. O-O Qd5 13. Qc3 Bg7 14. Bf4
O-O 15. Rfc1 Bb7 16. Qe3 Qb5 17. Bh6 Bxh6 18. Qxh6 f6 19. b3 Rad8 20. Qe3 Rd6
21. Rc5 Qb6 22. h4 Qd8 23. Rac1 Rf7 24. R1c4 Ba6 25. Rc3 Bb7 26. g4 Qd7 27. Qe4
Rd5 28. g5 Qe7 29. b4 Qd6 30. gxf6 Rxf6 31. Rxd5 exd5 32. Qe5 Qf8 33. Qg3 Rf4
34. Ne5 Qf5 35. Rf3 Rxf3 36. Qxf3 Qxf3 37. Nxf3 Ba6 38. Ne5 Bb5 39. Kg2 Kg7 40.
Kg3 Kf6 41. Kf4 h5 42. a3 Ba4 43. Nd7+ Ke7 44. Nc5 Bc2 45. Ke5 Bd1 46. f4 Bc2
47. Ne6 Bd3 48. Nc5 Bc2 49. a4 Bd1 50. a5 Bc2 51. Nb7 1-0

[Event "IV Torneo Internacional Ciudad de La Lag"]
[Site "Casino de La Laguna. C/ Nava y"]
[Date "2010.04.07"]
[Round "4"]
[White "Kurajica, Bojan"]
[Black "Villavicencio Martinez, Adalber"]
[Result "1-0"]
[WhiteElo "2525"]
[BlackElo "2326"]
[PlyCount "53"]
[EventDate "2010.04.05"]

1. d4 Nf6 2. Nf3 g6 3. g3 Bg7 4. Bg2 O-O 5. O-O d5 6. Bf4 c6 7. Qc1 Re8 8. c4
dxc4 9. Qxc4 Be6 10. Qc2 Bf5 11. Qb3 Qb6 12. Nbd2 Nbd7 13. Nc4 Qxb3 14. axb3
Nd5 15. Bc1 Be4 16. Rd1 Nb4 17. Ne1 Bxg2 18. Kxg2 f5 19. Nf3 b5 20. Nce5 Nb6
21. Bf4 N6d5 22. Rac1 Nxf4+ 23. gxf4 Rac8 24. e3 Red8 25. Nd3 Nxd3 26. Rxd3 Rc7
27. b4 1-0

[Event "IV Torneo Internacional Ciudad de La Lag"]
[Site "Casino de La Laguna. C/ Nava y"]
[Date "2010.04.07"]
[Round "4"]
[White "Todorcevic, Miodrag"]
[Black "Mekhitarian, Krikor Sevag"]
[Result "0-1"]
[WhiteElo "2437"]
[BlackElo "2490"]
[PlyCount "52"]
[EventDate "2010.04.05"]

1. e4 c5 2. d3 Nc6 3. g3 g6 4. Bg2 Bg7 5. c3 d6 6. Nf3 e5 7. O-O Nge7 8. a3 O-O
9. b4 a6 10. Be3 b6 11. Nbd2 h6 12. Rb1 Be6 13. Nb3 c4 14. dxc4 Bxc4 15. Re1 d5
16. exd5 Nxd5 17. Bd2 Re8 18. Nh4 Rc8 19. Qc2 Nf4 20. Rbd1 Nxg2 21. Nxg2 Bd3
22. Qc1 Kh7 23. Kh1 Nd4 24. Nxd4 exd4 25. Rxe8 Qxe8 26. Re1 Qd7 0-1

[Event "IV Torneo Internacional Ciudad de La Lag"]
[Site "Casino de La Laguna. C/ Nava y"]
[Date "2010.04.07"]
[Round "4"]
[White "Pinto Henriquez, Rodrigo"]
[Black "Barlov, Dragan"]
[Result "1/2-1/2"]
[WhiteElo "2212"]
[BlackElo "2487"]
[PlyCount "94"]
[EventDate "2010.04.05"]

1. d4 Nf6 2. c4 e6 3. Nf3 a6 4. Nc3 Bb4 5. a3 Bxc3+ 6. bxc3 h6 7. g3 O-O 8. Bg2
d6 9. O-O Bd7 10. Ne1 Nc6 11. Nd3 Na5 12. c5 Bc6 13. Bxc6 Nxc6 14. Rb1 Rb8 15.
f3 e5 16. Nb4 exd4 17. Nxc6 bxc6 18. Rxb8 Qxb8 19. Qxd4 dxc5 20. Qxc5 Qb5 21.
Qxb5 axb5 22. e4 Ra8 23. Rd1 Kf8 24. Kf2 Ke7 25. Ke2 Nd7 26. f4 Nc5 27. Kf3 Nb3
28. Bb2 Na5 29. Bc1 Nc4 30. h4 Nxa3 31. Be3 Nc4 32. Bc5+ Ke8 33. g4 f6 34. g5
hxg5 35. hxg5 fxg5 36. Rg1 Kf7 37. Rxg5 g6 38. Bd4 Nd6 39. Rc5 Ra6 40. Rg5 Nb7
41. f5 gxf5 42. exf5 c5 43. Rg7+ Kf8 44. Rxc7 cxd4 45. Rxb7 dxc3 46. Rxb5 c2
47. Rc5 Ra5 1/2-1/2

[Event "IV Torneo Internacional Ciudad de La Lag"]
[Site "Casino de La Laguna. C/ Nava y"]
[Date "2010.04.07"]
[Round "4"]
[White "Rodriguez Ferraz, Borja"]
[Black "Pogorelov, Ruslan"]
[Result "1-0"]
[WhiteElo "2037"]
[BlackElo "2486"]
[PlyCount "96"]
[EventDate "2010.04.05"]

1. d4 Nf6 2. c4 e6 3. Nc3 Bb4 4. f3 O-O 5. a3 Bxc3+ 6. bxc3 Ne8 7. Nh3 b6 8. e4
Nc6 9. Bd3 Ba6 10. Qe2 Na5 11. e5 Qh4+ 12. Nf2 f5 13. exf6 Nxf6 14. O-O Rae8
15. Nh3 d6 16. Nf4 Nh5 17. Nh3 Qe7 18. Bg5 Nf6 19. f4 Qd7 20. Rf3 Qc6 21. Bxf6
Rxf6 22. Ng5 g6 23. Rh3 Re7 24. Ne4 Rf8 25. d5 Qe8 26. Re1 e5 27. Rf3 Kg7 28.
fxe5 Rxe5 29. Rxf8 Qxf8 30. Rf1 Qe7 31. Rf4 Bc8 32. g4 Nb3 33. Qf2 Nc5 34. Nxc5
bxc5 35. h3 h5 36. gxh5 Rxh5 37. Rf3 Rg5+ 38. Kh1 Bf5 39. Bxf5 gxf5 40. Re3 Qf7
41. Qe1 Qh5 42. Kh2 f4 43. Re7+ Kh6 44. Qe4 Rf5 45. Qe6+ Qg6 46. Qe1 Kh5 47.
Qg1 f3 48. Rg7 Qf6 1-0

[Event "IV Torneo Internacional Ciudad de La Lag"]
[Site "Casino de La Laguna. C/ Nava y"]
[Date "2010.04.07"]
[Round "4.11"]
[White "Cori, Jorge"]
[Black "Alvarado Diaz, Alejandro"]
[Result "1-0"]
[WhiteElo "2500"]
[BlackElo "1935"]
[PlyCount "111"]
[EventDate "2010.04.05"]

1. e4 d5 2. exd5 Qxd5 3. Nc3 Qa5 4. d4 Nf6 5. Nf3 Bg4 6. h3 Bh5 7. g4 Bg6 8.
Ne5 e6 9. Nc4 Qa6 10. Bf4 Qc6 11. Rg1 Bb4 12. Bd2 Nbd7 13. Qe2 O-O-O 14. O-O-O
Nb6 15. Ne5 Qe8 16. a3 Bxc3 17. Bxc3 Nbd5 18. Be1 Nd7 19. Nxg6 hxg6 20. c4 N5b6
21. Bg2 Nf6 22. b3 Qe7 23. Bc3 c6 24. Kb2 Qc7 25. Qe3 Nbd7 26. Rd2 Kb8 27. Re1
Ka8 28. Red1 Nb6 29. Ka2 Rd7 30. f4 Rdd8 31. Kb2 Rhe8 32. a4 Nbd7 33. Re1 Kb8
34. a5 a6 35. Red1 Ka8 36. Qf3 Nb8 37. Bh1 Rd7 38. Re1 Rdd8 39. Qe3 Qc8 40. Bb4
Qc7 41. Qe5 Qc8 42. Bf3 Nbd7 43. Qe3 Qc7 44. Bc3 Nb8 45. Qe5 Qc8 46. Qe3 Qc7
47. g5 Nfd7 48. d5 exd5 49. Qxe8 Rxe8 50. Rxe8 dxc4 51. Bg4 Ka7 52. Bxd7 Nxd7
53. Re7 Qxf4 54. Rdxd7 Qf2+ 55. Ka3 Qc5+ 56. b4 1-0

[Event "IV Torneo Internacional Ciudad de La Lag"]
[Site "Casino de La Laguna. C/ Nava y"]
[Date "2010.04.07"]
[Round "4"]
[White "Lopez Pereyra, Antonio"]
[Black "Rivas Pastor, Manuel"]
[Result "0-1"]
[WhiteElo "2097"]
[BlackElo "2544"]
[PlyCount "68"]
[EventDate "2010.04.05"]

1. e4 e6 2. d4 d5 3. Nc3 Nf6 4. e5 Nfd7 5. Nce2 c5 6. c3 Nc6 7. Nf3 cxd4 8.
cxd4 f6 9. Nf4 Bb4+ 10. Bd2 Qe7 11. Nd3 Bxd2+ 12. Qxd2 fxe5 13. dxe5 O-O 14.
O-O-O Nb6 15. Kb1 Nc4 16. Qc3 Bd7 17. h4 b5 18. Rh3 b4 19. Qc1 Rac8 20. Qg5
Qxg5 21. hxg5 Be8 22. Ka1 Bg6 23. Be2 a5 24. Rh4 Rf5 25. Nc5 N6xe5 26. Nxe6
Nxf3 27. Bxf3 Nd2 28. Bg4 Rxf2 29. Nd4 Rc4 30. b3 Rc7 31. Be6+ Bf7 32. Rdh1 Nf1
33. Bf5 Rc1+ 34. Bb1 Bg6 0-1

[Event "IV Torneo Internacional Ciudad de La Lag"]
[Site "Casino de La Laguna. C/ Nava y"]
[Date "2010.04.07"]
[Round "4"]
[White "Herraiz Hidalgo, Herminio"]
[Black "Perez Aleman, Pedro Tomas"]
[Result "1-0"]
[WhiteElo "2488"]
[BlackElo "2094"]
[PlyCount "83"]
[EventDate "2010.04.05"]

1. d4 Nf6 2. c4 d6 3. Nf3 g6 4. Nc3 Bg7 5. e4 Bg4 6. Be2 O-O 7. Be3 Nfd7 8. Rc1
c5 9. d5 Na6 10. O-O Nc7 11. a4 a6 12. h3 Bxf3 13. Bxf3 Qb8 14. Be2 e6 15. dxe6
Nxe6 16. f4 Nd4 17. Bd3 Re8 18. Bf2 b6 19. Kh1 Ra7 20. Bb1 Rb7 21. Qd3 Nf8 22.
Rcd1 Nfe6 23. Bg1 Nc7 24. b4 b5 25. cxb5 axb5 26. e5 dxe5 27. fxe5 Nde6 28.
bxc5 bxa4 29. Nxa4 Rb3 30. Qc2 Qb4 31. Nb6 Ng5 32. Qc4 Qa3 33. Rd3 Rxd3 34.
Bxd3 Rd8 35. Bc2 Bxe5 36. Bb3 Nge6 37. c6 Rd2 38. Nd7 Bg7 39. Nc5 Be5 40. Nxe6
Nxe6 41. Rxf7 Qd6 42. Rd7 1-0

[Event "IV Torneo Internacional Ciudad de La Lag"]
[Site "Casino de La Laguna. C/ Nava y"]
[Date "2010.04.07"]
[Round "4"]
[White "Cabrera Trujillo, Jorge"]
[Black "Barrio Pareja, Eduardo"]
[Result "1-0"]
[WhiteElo "2370"]
[BlackElo "2093"]
[PlyCount "73"]
[EventDate "2010.04.05"]

1. e4 e6 2. d4 d5 3. Nd2 Nf6 4. e5 Nfd7 5. f4 c5 6. Ngf3 Nc6 7. Nb3 c4 8. Nbd2
b5 9. Be2 Qb6 10. Nf1 Be7 11. f5 O-O 12. Ne3 Re8 13. fxe6 fxe6 14. c3 b4 15.
O-O bxc3 16. bxc3 Qa5 17. Qc2 Rb8 18. g3 Nf8 19. Ng4 Bd7 20. Ng5 Bxg5 21. Bxg5
Rb7 22. Rf2 Qa3 23. Bc1 Qa5 24. h4 Reb8 25. h5 Be8 26. Nh2 h6 27. g4 Nh7 28.
Nf3 Ne7 29. Bd1 Kh8 30. Nh4 Ng5 31. Rf8+ Ng8 32. Rxe8 Rxe8 33. Ng6+ Kh7 34.
Bxg5 Nf6 35. exf6 hxg5 36. Nf8+ Kg8 37. Qh7+ 1-0

[Event "IV Torneo Internacional Ciudad de La Lag"]
[Site "Casino de La Laguna. C/ Nava y"]
[Date "2010.04.07"]
[Round "4"]
[White "Heimbaecher, Felix"]
[Black "Rodriguez Lopez, Rafael"]
[Result "0-1"]
[WhiteElo "2023"]
[BlackElo "2301"]
[PlyCount "44"]
[EventDate "2010.04.05"]

1. Nf3 d5 2. d4 Nf6 3. c4 c6 4. Nc3 dxc4 5. a4 e6 6. e3 c5 7. Bxc4 cxd4 8. exd4
Bb4 9. O-O O-O 10. Bg5 Nc6 11. d5 Na5 12. Ne4 Nxc4 13. Qd4 Be7 14. Nxf6+ gxf6
15. Bh6 exd5 16. Bxf8 Bxf8 17. b3 Na5 18. Rad1 Nxb3 19. Qc3 Nc5 20. Rd4 Ne4 21.
Qb3 Be6 22. Rfd1 Qb6 0-1

[Event "IV Torneo Internacional Ciudad de La Lag"]
[Site "Casino de La Laguna. C/ Nava y"]
[Date "2010.04.07"]
[Round "4"]
[White "Catarineu Navines, Federico"]
[Black "Draghici Flutur, Gavril"]
[Result "0-1"]
[WhiteElo "1994"]
[BlackElo "2204"]
[PlyCount "76"]
[EventDate "2010.04.05"]

1. e4 c5 2. Nf3 d6 3. c3 g6 4. d4 Qc7 5. dxc5 dxc5 6. Bc4 Bg7 7. Qb3 e6 8. Be3
Ne7 9. Qb5+ Nd7 10. O-O O-O 11. Nbd2 a6 12. Qb3 b5 13. Be2 c4 14. Qc2 Bb7 15.
Rfd1 Nc5 16. Bxc5 Qxc5 17. Nf1 Qc6 18. Ng3 h5 19. h4 Rad8 20. Rxd8 Rxd8 21. Rd1
Rxd1+ 22. Qxd1 Qc7 23. Qd2 Nc6 24. Qe3 Ne5 25. Nxe5 Bxe5 26. Nf1 Bf4 27. Qd4
Bc1 28. b3 cxb3 29. axb3 Bb2 30. Bf3 Bxc3 31. Qa7 e5 32. Qe3 Bb4 33. Ng3 Bc5
34. Qg5 Qe7 35. Qc1 Bb6 36. Qd2 Qxh4 37. Qd7 Qxg3 38. Qxb7 Qxf2+ 0-1

[Event "IV Torneo Internacional Ciudad de La Lag"]
[Site "Casino de La Laguna. C/ Nava y"]
[Date "2010.04.07"]
[Round "4"]
[White "Clemente Llamero, Roberto"]
[Black "Abreu Suarez, Isauro"]
[Result "1-0"]
[WhiteElo "2175"]
[BlackElo "2072"]
[PlyCount "66"]
[EventDate "2010.04.05"]

1. e4 Nf6 2. e5 Nd5 3. c4 Nb6 4. d4 d6 5. exd6 cxd6 6. Nc3 g6 7. Be3 Bg7 8. Rc1
O-O 9. b3 Nc6 10. d5 Ne5 11. Be2 Re8 12. f4 Ned7 13. Nf3 Nf6 14. Nd4 a6 15. O-O
e6 16. dxe6 fxe6 17. Kh1 Nbd7 18. Bf3 Kh8 19. Nde2 d5 20. cxd5 exd5 21. Bd4 Qa5
22. Ng3 Rb8 23. Nxd5 Nxd5 24. Bxg7+ Kxg7 25. Qxd5 Qxd5 26. Bxd5 Nf6 27. Bf3 h5
28. Rfe1 b5 29. Rxe8 Nxe8 30. Ne4 Bb7 31. h3 h4 32. Kh2 Kh6 33. Ng5 Nd6 1-0

[Event "IV Torneo Internacional Ciudad de La Lag"]
[Site "Casino de La Laguna. C/ Nava y"]
[Date "2010.04.07"]
[Round "4"]
[White "Septien Lopez, Valeriano"]
[Black "Lasinskas, Povilas"]
[Result "0-1"]
[WhiteElo "1945"]
[BlackElo "2167"]
[PlyCount "50"]
[EventDate "2010.04.05"]

1. e4 e5 2. Nf3 Nc6 3. Bb5 a6 4. Ba4 d6 5. c3 Bd7 6. O-O Nge7 7. Re1 g6 8. d3
Bg7 9. Nbd2 O-O 10. Nf1 h6 11. Bc2 f5 12. d4 f4 13. h3 g5 14. N1h2 Qe8 15. Bb3+
Kh8 16. Kh1 Rd8 17. Bc2 Qg6 18. b4 h5 19. Bb2 Qf6 20. a4 Rg8 21. Rg1 g4 22. Nd2
gxh3 23. g3 fxg3 24. Rxg3 Qh6 25. Ndf1 h4 {irreproducible} 0-1

[Event "IV Torneo Internacional Ciudad de La Lag"]
[Site "Casino de La Laguna. C/ Nava y"]
[Date "2010.04.07"]
[Round "4"]
[White "Cruz Veloz, Merquis Jesus"]
[Black "Skutta, Bernd Dr"]
[Result "1-0"]
[WhiteElo "1888"]
[BlackElo "2142"]
[PlyCount "145"]
[EventDate "2010.04.05"]

1. e4 g6 2. d4 Bg7 3. Nc3 d6 4. Nf3 a6 5. a4 b6 6. Bc4 e6 7. Bg5 Ne7 8. Qd2 h6
9. Be3 Bb7 10. O-O Nd7 11. Rfe1 Nf6 12. Bd3 g5 13. h3 g4 14. hxg4 Nxg4 15. Bf4
Ng6 16. e5 Nxf4 17. Qxf4 h5 18. Ng5 Qe7 19. exd6 cxd6 20. Bg6 O-O 21. Bxh5 Bh6
22. Qxg4 Qxg5 23. Qh3 Bg7 24. Re3 Qf4 25. Ne2 Qf5 26. Qxf5 exf5 27. Bf3 Rab8
28. Bxb7 Rxb7 29. Rf3 Re7 30. Ng3 Bxd4 31. Nxf5 Re4 32. Rg3+ Kh7 33. Nxd4 Rxd4
34. Raa3 Rg8 35. Rh3+ Kg7 36. Rhg3+ Kf8 37. Rgb3 Rd1+ 38. Kh2 Rd2 39. Rxb6 Ke7
40. Re3+ Kd7 41. Rf3 Ke6 42. Re3+ Kd7 43. Rb7+ Kc6 44. Rxf7 Rxc2 45. Rc3+ Rxc3
46. bxc3 Rg5 47. Rf4 Rc5 48. c4 Ra5 49. g4 Rxa4 50. g5 Ra5 51. Rg4 Rf5 52. f4
a5 53. g6 Rf8 54. g7 Rg8 55. f5 Kd7 56. f6 Ke6 57. Rf4 Kf7 58. Kh3 a4 59. Kh4
a3 60. Kg5 a2 61. Rf1 Ra8 62. Ra1 Ra3 63. Kh4 Ra8 64. Kg5 Ra3 65. Kf5 Ra5+ 66.
Ke4 Ra8 67. Kd5 Kxf6 68. Rxa2 Rg8 69. Kxd6 Rd8+ 70. Kc7 Rg8 71. Rg2 Ke6 72. c5
Kd5 73. Kd7 1-0

[Event "IV Torneo Internacional Ciudad de La Lag"]
[Site "Casino de La Laguna. C/ Nava y"]
[Date "2010.04.07"]
[Round "4"]
[White "Gomez, Gustavo Pizzocaro"]
[Black "Machin Arbelo, Pedro Alexis"]
[Result "1/2-1/2"]
[WhiteElo "2137"]
[BlackElo "2043"]
[PlyCount "80"]
[EventDate "2010.04.05"]

1. d4 Nf6 2. Nf3 e6 3. g3 b6 4. Bg2 Bb7 5. O-O Be7 6. c4 O-O 7. Nc3 d5 8. cxd5
Nxd5 9. Nxd5 Bxd5 10. Qc2 Nd7 11. e4 Bb7 12. Rd1 Nf6 13. Ng5 g6 14. e5 Bxg2 15.
Kxg2 Nd5 16. Ne4 f5 17. exf6 Nxf6 18. Bh6 Re8 19. f3 Nd5 20. Re1 Bf6 21. Rad1
Rc8 22. h4 Bg7 23. Bg5 Qd7 24. Qd2 Qa4 25. b3 Qb4 26. Qxb4 Nxb4 27. Nf6+ Bxf6
28. Bxf6 Kf7 29. Be5 c5 30. dxc5 Rxc5 31. Re2 Nd5 32. h5 Nc3 33. Bxc3 Rxc3 34.
hxg6+ hxg6 35. g4 Kf6 36. Rd7 Re7 37. Rd6 Rcc7 38. Kg3 g5 39. Rh2 Rh7 40. Re2
Rhe7 1/2-1/2

[Event "IV Torneo Internacional Ciudad de La Lag"]
[Site "Casino de La Laguna. C/ Nava y"]
[Date "2010.04.07"]
[Round "4"]
[White "Rodriguez Lapetra, Pablo"]
[Black "Henriquez Garcia, David"]
[Result "1/2-1/2"]
[WhiteElo "2105"]
[BlackElo "2014"]
[PlyCount "60"]
[EventDate "2010.04.05"]

1. e4 e6 2. d4 d5 3. Nc3 Bb4 4. e5 Ne7 5. a3 Bxc3+ 6. bxc3 c5 7. Nf3 Nbc6 8.
Bd3 Qa5 9. Bd2 c4 10. Be2 Bd7 11. Qb1 Qc7 12. a4 O-O-O 13. Bc1 f6 14. Ba3 Qa5
15. Bb4 Nxb4 16. cxb4 Qc7 17. O-O Be8 18. Re1 Bh5 19. Bd1 Bxf3 20. Bxf3 f5 21.
a5 g5 22. b5 Qd7 23. Qb4 Kb8 24. c3 h5 25. Bd1 Ng6 26. Ba4 Qe7 27. Qxe7 Nxe7
28. Bc2 h4 29. Rab1 g4 30. a6 b6 1/2-1/2

[Event "IV Torneo Internacional Ciudad de La Lag"]
[Site "Casino de La Laguna. C/ Nava y"]
[Date "2010.04.07"]
[Round "4"]
[White "Ramirez Alvarez, Roberto"]
[Black "Saez Gabikagogeaskoa, Oscar"]
[Result "1-0"]
[WhiteElo "2103"]
[BlackElo "1969"]
[PlyCount "75"]
[EventDate "2010.04.05"]

1. d4 Nf6 2. c4 c5 3. d5 b5 4. cxb5 a6 5. e3 axb5 6. Bxb5 g6 7. Nc3 Bg7 8. Nf3
O-O 9. O-O d6 10. a4 Na6 11. Ra3 Nb4 12. h3 Bf5 13. Ne1 h5 14. f3 Qc7 15. e4
Bc8 16. f4 Nd7 17. Nf3 Bb7 18. Ng5 Bc8 19. Kh1 Bf6 20. Nf3 Ba6 21. Re1 Bxb5 22.
Nxb5 Qb8 23. Rae3 Bg7 24. b3 Bh6 25. R3e2 Nf6 26. Na3 Qb7 27. Nc4 Rfb8 28. Rb2
Bg7 29. Rb1 Na2 30. Bd2 Nd7 31. Na5 Qa7 32. Qc2 Nb4 33. Bxb4 cxb4 34. Nc6 Re8
35. Nxb4 Qb6 36. Nc6 Bf6 37. b4 Nb8 38. b5 1-0

[Event "IV Torneo Internacional Ciudad de La Lag"]
[Site "Casino de La Laguna. C/ Nava y"]
[Date "2010.04.07"]
[Round "4"]
[White "Ivorra Ordines, Pedro"]
[Black "Olivera Gutierrez, Albert"]
[Result "0-1"]
[WhiteElo "1665"]
[BlackElo "2101"]
[PlyCount "98"]
[EventDate "2010.04.05"]

1. d4 d5 2. c4 e6 3. Nc3 Nf6 4. Nf3 c6 5. cxd5 exd5 6. Bg5 Nbd7 7. e3 Qa5 8.
Bxf6 Nxf6 9. a3 Ne4 10. Qb3 Bd6 11. Be2 Bg4 12. O-O Bxf3 13. Bxf3 Nd2 14. Qxb7
O-O 15. b4 Qd8 16. Be2 Nxf1 17. Bxf1 Qf6 18. Qd7 Rfd8 19. Qg4 Bc7 20. Ba6 Rab8
21. Na4 Rd6 22. Nc5 Qh6 23. Qg3 Rd7 24. Qh3 Qxh3 25. gxh3 Rd6 26. Rc1 Rg6+ 27.
Kh1 Rh6 28. Kg2 g5 29. Nb7 g4 30. hxg4 Rxh2+ 31. Kf3 Rh6 32. b5 cxb5 33. Nc5 f5
34. gxf5 Rf8 35. Rg1+ Kh8 36. Rg2 Rxf5+ 37. Ke2 Rb6 38. f4 b4 39. axb4 Rxb4 40.
Kf3 Bd6 41. Rc2 Rf8 42. Rc1 Rb6 43. Bd3 Rc8 44. Rh1 Bxc5 45. Rxh7+ Kg8 46. dxc5
Rb3 47. Ke2 Rxd3 48. Kxd3 Kxh7 49. Kd4 a5 0-1

[Event "IV Torneo Internacional Ciudad de La Lag"]
[Site "Casino de La Laguna. C/ Nava y"]
[Date "2010.04.07"]
[Round "4"]
[White "Bernad Millan, Ignacio"]
[Black "Saumweber, Walter"]
[Result "1/2-1/2"]
[WhiteElo "1891"]
[BlackElo "2148"]
[PlyCount "78"]
[EventDate "2010.04.05"]

1. d4 f5 2. c4 Nf6 3. Nf3 g6 4. g3 Bg7 5. Bg2 O-O 6. O-O d6 7. Nc3 Qe8 8. d5
Na6 9. Rb1 Nc5 10. b4 Nce4 11. Nxe4 Nxe4 12. Bb2 Qf7 13. Bxg7 Qxg7 14. Qd4 e5
15. dxe6 Bxe6 16. Qxg7+ Kxg7 17. Rfc1 Rfe8 18. Rb2 c6 19. Nd4 Bf7 20. Bxe4 Rxe4
21. e3 a6 22. c5 Rd8 23. a4 Kf6 24. b5 axb5 25. axb5 dxc5 26. Rxc5 Rd5 27. Rxd5
cxd5 28. Rc2 Re7 29. h4 h6 30. Kf1 g5 31. hxg5+ hxg5 32. Rc3 Bg6 33. f4 Rh7 34.
Ke2 Rd7 35. Kd3 Ke7 36. Kc2 Kd6 37. Kb3 Rc7 38. Rxc7 Kxc7 39. Kb4 b6 1/2-1/2

[Event "IV Torneo Internacional Ciudad de La Lag"]
[Site "Casino de La Laguna. C/ Nava y"]
[Date "2010.04.07"]
[Round "4"]
[White "Martin Ortega, Oscar"]
[Black "Hernandez Leon, Sergio"]
[Result "0-1"]
[WhiteElo "1860"]
[BlackElo "2122"]
[PlyCount "62"]
[EventDate "2010.04.05"]

1. e4 g6 2. d4 Bg7 3. f4 c6 4. Nf3 d5 5. e5 Nh6 6. Bd3 O-O 7. O-O Bg4 8. Qe2 f6
9. h3 Bxf3 10. Rxf3 fxe5 11. fxe5 Rxf3 12. Qxf3 e6 13. Qf2 Nd7 14. Nd2 c5 15.
c3 cxd4 16. cxd4 Qb6 17. Nf3 Rf8 18. g4 Nf7 19. Be3 Bh6 20. Bxh6 Nxh6 21. Kg2
Nf7 22. Qc2 Kg7 23. Rc1 Nb8 24. b3 Nc6 25. Qc5 Qd8 26. b4 Ng5 27. Nd2 Nxh3 28.
Kxh3 Qg5 29. Qxf8+ Kxf8 30. Rf1+ Kg7 31. Nf3 Qe3 0-1

[Event "IV Torneo Internacional Ciudad de La Lag"]
[Site "Casino de La Laguna. C/ Nava y"]
[Date "2010.04.07"]
[Round "4"]
[White "Gonzalez Moreno, Juan Carlos"]
[Black "Villavicencio Martinez, Carlos"]
[Result "0-1"]
[WhiteElo "1714"]
[BlackElo "2119"]
[PlyCount "56"]
[EventDate "2010.04.05"]

1. e4 c5 2. Bc4 a6 3. a4 e6 4. Nc3 b6 5. f4 Bb7 6. Nf3 Be7 7. O-O d5 8. exd5
exd5 9. Be2 Nc6 10. d3 Nh6 11. Ne5 Nf5 12. Bf3 Ncd4 13. Bg4 O-O 14. Ne2 Nxe2+
15. Qxe2 Nd4 16. Qd1 Bd6 17. c3 Nc6 18. Nxc6 Bxc6 19. Bf3 Qc7 20. Qb3 d4 21.
cxd4 Bxf3 22. Rxf3 cxd4 23. Bd2 a5 24. Rc1 Qb7 25. Kf1 Rac8 26. Rxc8 Rxc8 27.
Bxa5 Rc1+ 28. Be1 Qe7 0-1

[Event "IV Torneo Internacional Ciudad de La Lag"]
[Site "Casino de La Laguna. C/ Nava y"]
[Date "2010.04.07"]
[Round "4"]
[White "Fernandez Manrique, Agustin"]
[Black "Capote Robayna, Nathaniel"]
[Result "1/2-1/2"]
[WhiteElo "2115"]
[BlackElo "1933"]
[PlyCount "102"]
[EventDate "2010.04.05"]

1. c4 e5 2. Nc3 Nf6 3. g3 c6 4. Nf3 e4 5. Nd4 d5 6. cxd5 cxd5 7. e3 Bc5 8. Bb5+
Nbd7 9. Nb3 Bb6 10. d3 a6 11. Ba4 O-O 12. dxe4 dxe4 13. Bxd7 Bxd7 14. Nd5 Bh3
15. Nxb6 Qxb6 16. Nd4 Rfd8 17. Qb3 Qxb3 18. axb3 Nd7 19. Bd2 Ne5 20. Bc3 Nd3+
21. Ke2 Bg4+ 22. f3 Rxd4 23. fxg4 Rd6 24. Rhf1 Rc8 25. b4 Nxb2 26. Bxb2 Rc2+
27. Ke1 Rxb2 28. Rc1 Rc6 29. Rxc6 bxc6 30. Rf5 Rxb4 31. Ra5 Rb6 32. Ra4 c5 33.
Rxe4 Re6 34. Ra4 Rxe3+ 35. Kd2 Re6 36. Kd3 f6 37. Ra5 Rc6 38. Kc4 Kf7 39. Kd5
Rc8 40. Rxa6 c4 41. Ra2 c3 42. Rc2 Rd8+ 43. Kc4 Rd2 44. Kxc3 Rd7 45. Rd2 Rc7+
46. Kd3 Kg6 47. Ke3 Rc3+ 48. Kf2 Rc4 49. Kf3 Rc3+ 50. Kg2 Rc4 51. Kf3 Rc3+
1/2-1/2

[Event "IV Torneo Internacional Ciudad de La Lag"]
[Site "Casino de La Laguna. C/ Nava y"]
[Date "2010.04.07"]
[Round "4"]
[White "Galvan Sarmiento, Jose Luis"]
[Black "Perez Castellano, Susana"]
[Result "1-0"]
[WhiteElo "2061"]
[BlackElo "1827"]
[PlyCount "89"]
[EventDate "2010.04.05"]

1. d4 Nf6 2. Nf3 c5 3. d5 d6 4. c4 b5 5. cxb5 a6 6. e3 g6 7. Nc3 Bg7 8. Be2 O-O
9. O-O Nbd7 10. a4 Ne8 11. e4 Nc7 12. Ra3 Bb7 13. Nd2 f5 14. f3 f4 15. Qc2 a5
16. Nc4 Ne8 17. Bd2 Nb6 18. Nd1 Nf6 19. Bxa5 Nxc4 20. Bxd8 Nxa3 21. bxa3 Rfxd8
22. Nb2 Nd7 23. Nc4 Bd4+ 24. Kh1 Ne5 25. Nxe5 Bxe5 26. Bd1 Rdb8 27. Be2 Ra5 28.
Bc4 Rba8 29. Bb3 Kf8 30. g3 g5 31. Qg2 h6 32. Qh3 Kg7 33. gxf4 Bxf4 34. Qd7 Bc8
35. Qxe7+ Kg8 36. e5 Bxe5 37. Bc2 R5a7 38. Qe8+ Kg7 39. Qg6+ Kf8 40. Qxh6+ Rg7
41. Rg1 Bf4 42. h4 Raa7 43. Qf6+ Ke8 44. Bg6+ Raf7 45. Qxg7 1-0

[Event "IV Torneo Internacional Ciudad de La Lag"]
[Site "Casino de La Laguna. C/ Nava y"]
[Date "2010.04.07"]
[Round "4"]
[White "Perez De La Torre, Jorge"]
[Black "Acosta Sosa, Juan Manuel"]
[Result "0-1"]
[WhiteElo "1688"]
[BlackElo "2023"]
[PlyCount "42"]
[EventDate "2010.04.05"]

1. d4 d5 2. Nf3 Nf6 3. e3 c5 4. c3 Nc6 5. Bd3 Bg4 6. Nbd2 e6 7. O-O Bd6 8. Qe2
cxd4 9. exd4 Qc7 10. Re1 Bxh2+ 11. Kh1 h5 12. Nb3 h4 13. Qe3 Bd6 14. Ne5 h3 15.
Kg1 hxg2 16. f3 Bh3 17. Qg5 O-O-O 18. f4 Ne4 19. Bxe4 dxe4 20. Qxg7 Bxe5 21.
fxe5 Rdg8 0-1